[Event "European Senior Team Chess Championship "]
[Site "Hotel AIRO Vienna, Kurbadstr. "]
[Date "2015.07.19"]
[Round "8"]
[White "Karasev, Vladimir I"]
[Black "Zhelnin, Vladimir V"]
[Result "1/2-1/2"]
[WhiteElo "2326"]
[BlackElo "2473"]
[PlyCount "25"]
[EventDate "2015.07.12"]
[EventType "team"]
[EventRounds "9"]
[EventCountry "AUT"]
[WhiteTeam "Sankt Petersburg"]
[BlackTeam "Russia 1"]

1. Nf3 Nf6 2. d4 g6 3. c4 Bg7 4. Nc3 O-O 5. e4 d6 6. Be2 e5 7. O-O Nc6 8. Be3
Ng4 9. Bg5 f6 10. Bh4 Nh6 11. d5 Ne7 12. Nd2 g5 13. Bg3 1/2-1/2

[Event "European Senior Team Chess Championship "]
[Site "Hotel AIRO Vienna, Kurbadstr. "]
[Date "2015.07.19"]
[Round "8"]
[White "Pushkov, Nikolai"]
[Black "Monin, Nikolay"]
[Result "1/2-1/2"]
[WhiteElo "2301"]
[BlackElo "2215"]
[PlyCount "120"]
[EventDate "2015.07.12"]
[EventType "team"]
[EventRounds "9"]
[EventCountry "AUT"]
[WhiteTeam "Russia 1"]
[BlackTeam "Sankt Petersburg"]

1. d4 Nf6 2. c4 g6 3. Nc3 Bg7 4. g3 O-O 5. Bg2 d6 6. e3 Nbd7 7. Nge2 e5 8. O-O
Re8 9. b3 h5 10. h3 e4 11. Qc2 Nf8 12. d5 N8h7 13. Nd4 Qe7 14. Bb2 Ng5 15. Kh2
Qd7 16. h4 Nf3+ 17. Kh1 Qg4 18. Nxe4 Nxd4 19. Nxf6+ Bxf6 20. Bxd4 Bxd4 21. exd4
Qxd4 22. Rad1 Qc5 23. Qd2 a5 24. Rfe1 Bd7 25. Bf3 Qb4 26. Rxe8+ Rxe8 27. Qxb4
axb4 28. Kg2 b6 29. Rd2 Kg7 30. Bd1 Bf5 31. f3 Re3 32. Bc2 Bd7 33. Bd3 Re1 34.
Kf2 Rc1 35. Bc2 Bh3 36. Ke3 Re1+ 37. Kf4 Bd7 38. Bd3 f6 39. Be2 Kh6 40. Ke3 Bf5
41. Rd1 Rxd1 42. Bxd1 g5 43. Be2 Kg6 44. Bd3 gxh4 45. Bxf5+ Kxf5 46. gxh4 Ke5
47. f4+ Kf5 48. Kf3 Kg6 49. Ke4 f5+ 50. Kd3 Kf6 51. Kc2 Ke7 52. Kb2 Kd7 53. a3
bxa3+ 54. Kxa3 c5 55. dxc6+ Kxc6 56. Kb4 d5 57. Kc3 Kc5 58. b4+ Kd6 59. Kd4
dxc4 60. Kxc4 Kc6 1/2-1/2

[Event "European Senior Team Chess Championship "]
[Site "Hotel AIRO Vienna, Kurbadstr. "]
[Date "2015.07.19"]
[Round "8"]
[White "Zilberman, Yaacov"]
[Black "Boehnisch, Manfred"]
[Result "1/2-1/2"]
[WhiteElo "2383"]
[BlackElo "2284"]
[PlyCount "150"]
[EventDate "2015.07.12"]
[EventType "team"]
[EventRounds "9"]
[EventCountry "AUT"]
[WhiteTeam "Israel"]
[BlackTeam "Schachfreunde Leipzig"]

1. d4 d5 2. c4 c6 3. Nf3 Nf6 4. Nc3 dxc4 5. a4 Bf5 6. Ne5 e6 7. f3 Bb4 8. Nxc4
c5 9. dxc5 Qxd1+ 10. Kxd1 Bxc5 11. e4 Bg6 12. Nb5 Kd7 13. Ne5+ Kc8 14. Bd2 Nbd7
15. Rc1 Nxe5 16. Rxc5+ Nc6 17. Bf4 Kd7 18. Be2 a6 19. Na3 Rhd8 20. Kc1 Ke7 21.
Rd1 Rxd1+ 22. Kxd1 Nd7 23. Rc3 e5 24. Be3 f6 25. Nc2 a5 26. Bb5 Bf7 27. Kc1 Rc8
28. Bf2 Kd8 29. Kd2 Be6 30. h4 h5 31. Be3 g6 32. Na3 Ke7 33. Nc4 Bxc4 34. Rxc4
Rd8 35. Ke2 Kd6 36. g3 Rg8 37. Rc1 Kc7 38. Bc4 Rg7 39. Bd5 Kd6 40. b3 Kc7 41.
Bh6 Rh7 42. Bd2 Kb6 43. Be3+ Kc7 44. f4 Rg7 45. Kf3 Rh7 46. Bf2 Re7 47. Be3 Rh7
48. Rd1 Rg7 49. Be6 Nf8 50. Bh3 Nh7 51. Be6 Nf8 52. Bd5 Nd7 53. Rc1 Rh7 54. Rg1
Kd6 55. Rd1 Kc7 56. Be6 Nf8 57. Bh3 Rg7 58. Rd2 Nh7 59. Bc5 g5 60. Bf5 gxf4 61.
gxf4 b6 62. Bd6+ Kb7 63. Kf2 Nd4 64. fxe5 Nxf5 65. exf5 fxe5 66. Kf3 Rf7 67.
Bxe5 Rxf5+ 68. Ke4 Rf7 69. Rd6 Nf8 70. Rf6 Rxf6 71. Bxf6 Ng6 72. Kd5 Nf4+ 73.
Ke4 Ng2 74. Bg5 b5 75. Bd8 bxa4 1/2-1/2

[Event "European Senior Team Chess Championship "]
[Site "Hotel AIRO Vienna, Kurbadstr. "]
[Date "2015.07.19"]
[Round "8"]
[White "Schoeneberg, Manfred"]
[Black "Birnboim, Nathan"]
[Result "0-1"]
[WhiteElo "2238"]
[BlackElo "2358"]
[PlyCount "114"]
[EventDate "2015.07.12"]
[EventType "team"]
[EventRounds "9"]
[EventCountry "AUT"]
[WhiteTeam "Schachfreunde Leipzig"]
[BlackTeam "Israel"]

1. e4 c5 2. Nf3 Nc6 3. Bb5 g6 4. O-O Bg7 5. c3 Nf6 6. e5 Nd5 7. d4 cxd4 8. cxd4
O-O 9. Nc3 Nxc3 10. bxc3 d5 11. exd6 Qxd6 12. a4 Qc7 13. Ba3 Bg4 14. Re1 Rfc8
15. Rc1 e6 16. d5 exd5 17. Qxd5 Rd8 18. Qe4 Bxf3 19. Qxf3 Ne5 20. Qg3 Rac8 21.
Rcd1 a6 22. Bf1 h5 23. Rxd8+ Rxd8 24. Bc1 Qc5 25. h3 Rc8 26. Bf4 Nc6 27. c4 Qb4
28. Rc1 Qxa4 29. Rb1 Rd8 30. Qf3 Rd7 31. c5 Qa2 32. Rc1 Be5 33. Bc4 Qb2 34. Be3
Nd4 35. Qe4 Nf5 36. Rb1 Nxe3 37. fxe3 Qc3 38. Qxg6+ Kf8 39. Qe4 Re7 40. Qd3
Qxd3 41. Bxd3 Bg3 42. e4 h4 43. Kf1 Rc7 44. Bc4 b5 45. Bd5 Rxc5 46. Ra1 f5 47.
Rxa6 fxe4 48. Bb3 Rc3 49. Bd1 Re3 50. Be2 b4 51. Rb6 b3 52. Rb7 Ke8 53. Bb5+
Kd8 54. Rd7+ Kc8 55. Rd1 b2 56. Be2 Kc7 57. Rb1 Rc3 0-1

[Event "European Senior Team Chess Championship "]
[Site "Hotel AIRO Vienna, Kurbadstr. "]
[Date "2015.07.19"]
[Round "8"]
[White "Maryasin, Boris"]
[Black "Pruefer, Friedbert"]
[Result "1/2-1/2"]
[WhiteElo "2332"]
[BlackElo "2224"]
[PlyCount "100"]
[EventDate "2015.07.12"]
[EventType "team"]
[EventRounds "9"]
[EventCountry "AUT"]
[WhiteTeam "Israel"]
[BlackTeam "Schachfreunde Leipzig"]

1. e4 d6 2. d4 Nf6 3. Nc3 g6 4. Be3 c6 5. Qd2 b5 6. Bd3 Nbd7 7. Nf3 Bg7 8. Bh6
O-O 9. Bxg7 Kxg7 10. e5 dxe5 11. dxe5 Ng4 12. Qf4 Nc5 13. Rd1 Nxd3+ 14. Rxd3
Qb6 15. O-O Bf5 16. Rd2 Rad8 17. h3 Nh6 18. Rfd1 a6 19. g4 Bc8 20. Ne4 Qa5 21.
Nd4 Qc7 22. Nf3 Qa5 23. a3 Rxd2 24. Rxd2 Rd8 25. b4 Qc7 26. Nc5 a5 27. Kg2 axb4
28. axb4 Rxd2 29. Qxd2 Be6 30. Nxe6+ fxe6 31. Qd4 Nf7 32. Qc5 Qd7 33. Kg3 h6
34. h4 g5 35. h5 Kf8 36. Nd4 Nd8 37. c3 Qb7 38. f4 gxf4+ 39. Kxf4 Qa6 40. Kg3
Qa1 41. Nf3 Qb1 42. Qe3 Nf7 43. Qb6 Qe4 44. Qd4 Qb1 45. Qe3 Ng5 46. Nxg5 hxg5
47. Qxg5 Qg1+ 48. Kf3 Qf1+ 49. Ke4 Qc4+ 50. Kf3 Qf1+ 1/2-1/2

[Event "European Senior Team Chess Championship "]
[Site "Hotel AIRO Vienna, Kurbadstr. "]
[Date "2015.07.19"]
[Round "8"]
[White "Beltz, Robert"]
[Black "Lederman, Leon"]
[Result "0-1"]
[WhiteElo "2160"]
[BlackElo "2263"]
[PlyCount "94"]
[EventDate "2015.07.12"]
[EventType "team"]
[EventRounds "9"]
[EventCountry "AUT"]
[WhiteTeam "Schachfreunde Leipzig"]
[BlackTeam "Israel"]

1. Nf3 d5 2. c4 c6 3. e3 Nf6 4. Nc3 e6 5. Qc2 Nbd7 6. b3 Bd6 7. d4 O-O 8. Bd3
dxc4 9. bxc4 e5 10. O-O Qe7 11. Bb2 Re8 12. c5 Bc7 13. dxe5 Nxe5 14. Nxe5 Qxe5
15. g3 Qxc5 16. Rfe1 Qh5 17. Ne4 Nxe4 18. Bxe4 Bg4 19. Bg2 Ba5 20. Rf1 Be2 21.
Rfc1 Rad8 22. Bd4 Bb6 23. Bc3 Bf3 24. Rab1 Bxg2 25. Kxg2 Qd5+ 26. Kg1 Qf3 27.
Re1 Re4 28. a4 Rc4 29. Qb2 Rxa4 30. Bxg7 Rg4 31. Bf6 Rd5 32. Rbc1 h5 33. h3 Rg6
34. Bh4 Rgd6 35. Qe2 Qxe2 36. Rxe2 Rd2 37. Rc2 Rxe2 38. Rxe2 Bd8 39. Bxd8 Rxd8
40. Ra2 a6 41. Kg2 c5 42. Ra5 c4 43. Kf3 Rd6 44. Rxh5 Rc6 45. Ke2 b5 46. Kd2
c3+ 47. Kc2 b4 0-1

[Event "European Senior Team Chess Championship "]
[Site "Hotel AIRO Vienna, Kurbadstr. "]
[Date "2015.07.19"]
[Round "8"]
[White "Nevednichy, Boris M"]
[Black "Danner, Georg"]
[Result "1-0"]
[WhiteElo "2153"]
[BlackElo "2389"]
[PlyCount "78"]
[EventDate "2015.07.12"]
[EventType "team"]
[EventRounds "9"]
[EventCountry "AUT"]
[WhiteTeam "Moldova"]
[BlackTeam "Austria 1"]

1. e4 c5 2. Nc3 Nc6 3. Bb5 Nd4 4. Bc4 e6 5. Nge2 a6 6. a4 Nf6 7. O-O d5 8. exd5
exd5 9. Ba2 Be7 10. d3 Nxe2+ 11. Qxe2 O-O 12. Bg5 h6 13. Bxf6 Bxf6 14. Nxd5
Bxb2 15. Rab1 Bf6 16. Qf3 Rb8 17. Nxf6+ Qxf6 18. Qxf6 gxf6 19. Rb6 Bd7 20. Bd5
Bxa4 21. c4 Bc2 22. f4 Rfd8 23. Rf3 Rd7 24. Rxf6 b5 25. Rg3+ Kf8 26. Rxh6 Rbd8
27. f5 Rxd5 28. f6 Ke8 29. Rh8+ Kd7 30. Rxd8+ Kxd8 31. cxd5 b4 32. Rg8+ Kc7 33.
Rf8 Bxd3 34. Rxf7+ Kd6 35. Rb7 Bg6 36. Kf2 Kxd5 37. f7 Bxf7 38. Rxf7 b3 39. Ke3
a5 1-0

[Event "European Senior Team Chess Championship "]
[Site "Hotel AIRO Vienna, Kurbadstr. "]
[Date "2015.07.19"]
[Round "8"]
[White "Petschar, Kurt"]
[Black "Romcovici, Victor"]
[Result "1-0"]
[WhiteElo "2266"]
[BlackElo "2086"]
[PlyCount "197"]
[EventDate "2015.07.12"]
[EventType "team"]
[EventRounds "9"]
[EventCountry "AUT"]
[WhiteTeam "Austria 1"]
[BlackTeam "Moldova"]

1. d4 Nf6 2. c4 Nc6 3. Nf3 e6 4. a3 Ne7 5. Nc3 d5 6. Qc2 c6 7. e4 dxe4 8. Nxe4
Nf5 9. Nxf6+ Qxf6 10. Qe4 h6 11. Bd2 Bd7 12. Bc3 Nd6 13. Qc2 O-O-O 14. Be2 Qe7
15. O-O-O Kb8 16. Rhe1 Rc8 17. Kb1 Qd8 18. Ne5 Be8 19. g3 Qc7 20. Bf1 h5 21. h4
Be7 22. Bd2 Ka8 23. c5 Nf5 24. Bf4 Qd8 25. Qa4 g5 26. Bd2 Qxd4 27. Nc4 Qxc5 28.
Bb4 Qb5 29. Qxb5 cxb5 30. Bxe7 bxc4 31. Bxg5 Ba4 32. Rc1 Bb3 33. Re4 Nd6 34.
Rd4 Rc6 35. Be7 Nf5 36. Rd7 Kb8 37. Bf6 Rf8 38. Be2 Kc8 39. Rd2 e5 40. Bxe5 Re8
41. Bf4 Ng7 42. Bf3 Rce6 43. Bg2 b5 44. Bh3 f5 45. Rd3 Re1 46. Re3 Rxc1+ 47.
Kxc1 Rd8 48. Re1 Kb7 49. Bd2 Rd7 50. Bg2+ Kb6 51. Be3+ Ka6 52. Bf3 Rd3 53. Be2
Rd7 54. Bf3 Rd3 55. Bg2 Rd7 56. Bh3 Ka5 57. Bd2+ Ka4 58. Re5 a5 59. Bg2 c3 60.
bxc3 Bc4 61. Bf3 Rd6 62. Bg5 Rd3 63. Re3 Kxa3 64. Rxd3 Bxd3 65. Bf6 Ne6 66.
Bxh5 b4 67. cxb4 axb4 68. Bb2+ Kb3 69. Bf7 Bc4 70. h5 Nf8 71. Be8 Bg8 72. h6
Bh7 73. Bg7 Ng6 74. Bf6 f4 75. g4 Kc4 76. Bf7+ Kd3 77. g5 Ke2 78. Bd4 Nh4 79.
Bc5 f3 80. Kb2 Ng6 81. Kb3 Ne5 82. Be8 Kd3 83. Bd6 Ng6 84. Kxb4 Kd4 85. Bc5+
Kd5 86. Be3 Ne5 87. Kc3 Ke4 88. Ba4 Ng6 89. Bc6+ Kf5 90. Bxf3 Nf4 91. Kd4 Ne6+
92. Kd5 Nxg5 93. Bd1 Bg8+ 94. Kd6 Kg6 95. Ke7 Nh7 96. Bc2+ Kh5 97. Bf5 Ng5 98.
Kf6 Bh7 99. Bxh7 1-0

[Event "European Senior Team Chess Championship "]
[Site "Hotel AIRO Vienna, Kurbadstr. "]
[Date "2015.07.19"]
[Round "8"]
[White "Scovitin, Albert"]
[Black "Janetschek, Karl"]
[Result "1-0"]
[WhiteElo "2103"]
[BlackElo "2231"]
[PlyCount "49"]
[EventDate "2015.07.12"]
[EventType "team"]
[EventRounds "9"]
[EventCountry "AUT"]
[WhiteTeam "Moldova"]
[BlackTeam "Austria 1"]

1. c4 e5 2. Nc3 Nf6 3. e4 Bc5 4. g3 d6 5. h3 Nc6 6. Bg2 Be6 7. d3 h6 8. Nge2
Nd4 9. O-O c6 10. Kh2 Qe7 11. a3 a5 12. Bd2 Nd7 13. Rb1 O-O 14. f4 f5 15. Nxd4
Bxd4 16. Ne2 a4 17. Bc3 Bxc3 18. Nxc3 fxe4 19. Bxe4 exf4 20. gxf4 Ra5 21. Qe2
Nf6 22. Rbe1 Re8 23. Bg6 Bxh3 24. Qxe7 Rxe7 25. Kxh3 1-0

[Event "European Senior Team Chess Championship "]
[Site "Hotel AIRO Vienna, Kurbadstr. "]
[Date "2015.07.19"]
[Round "8"]
[White "Singer, Hans"]
[Black "Chirpii, Alexandru"]
[Result "1-0"]
[WhiteElo "2165"]
[BlackElo "1878"]
[PlyCount "132"]
[EventDate "2015.07.12"]
[EventType "team"]
[EventRounds "9"]
[EventCountry "AUT"]
[WhiteTeam "Austria 1"]
[BlackTeam "Moldova"]

1. Nf3 b5 2. e4 Bb7 3. Bxb5 Bxe4 4. d4 e6 5. O-O Nf6 6. c4 Be7 7. Nc3 Bb7 8.
Re1 O-O 9. Ba4 d6 10. Bc2 Nbd7 11. d5 e5 12. a4 a5 13. Nb5 Nc5 14. Bd2 c6 15.
dxc6 Bxc6 16. Be3 Na6 17. c5 Bxf3 18. Qxf3 d5 19. c6 Bb4 20. Red1 Qe7 21. Bg5
Rac8 22. Bxf6 Qxf6 23. Qxf6 gxf6 24. Rac1 Bc5 25. Bb3 Rxc6 26. Bxd5 Rb6 27. Bc4
Bb4 28. Rd5 Nc5 29. b3 Ne6 30. Rcd1 Rbb8 31. Rd7 Rb6 32. Kf1 Kg7 33. Ra7 Kg6
34. Rdd7 h6 35. g3 Ng5 36. Nc7 Rd6 37. Rxd6 Bxd6 38. Nd5 Nf3 39. Ke2 Nd4+ 40.
Kf1 Nf3 41. Rxa5 Nd2+ 42. Ke2 Nxc4 43. bxc4 Rc8 44. Ra6 Ba3 45. Rxf6+ Kg7 46.
Rf3 Bc5 47. Rb3 Bd4 48. Ne3 Bxe3 49. Kxe3 Rxc4 50. Ra3 f5 51. a5 Rc7 52. a6 Ra7
53. Kd3 Kf6 54. Kc4 Kg5 55. Kd5 e4 56. Kc6 Kg4 57. Kb6 Ra8 58. h4 f4 59. gxf4
Kxh4 60. Rg3 e3 61. Rxe3 Kg4 62. a7 h5 63. Kb7 Rf8 64. a8=Q Rxa8 65. Kxa8 h4
66. Kb7 h3 1-0

[Event "European Senior Team Chess Championship "]
[Site "Hotel AIRO Vienna, Kurbadstr. "]
[Date "2015.07.19"]
[Round "8"]
[White "Wahlbom, Magnus"]
[Black "Strutinskaia, Galina"]
[Result "0-1"]
[WhiteElo "2228"]
[BlackElo "2213"]
[PlyCount "54"]
[EventDate "2015.07.12"]
[EventType "team"]
[EventRounds "9"]
[EventCountry "AUT"]
[WhiteTeam "Sweden 1"]
[BlackTeam "Russia Women"]

1. d4 Nf6 2. c4 c5 3. d5 b5 4. cxb5 a6 5. f3 e6 6. e4 Bb7 7. bxa6 Nxa6 8. Nc3
exd5 9. e5 Qe7 10. f4 d4 11. Nb5 Ne4 12. Nf3 d5 13. Be2 Qd7 14. O-O Be7 15. Kh1
Nb4 16. a4 O-O 17. Ra3 Bc6 18. Ne1 f5 19. Rh3 Rfb8 20. b3 g6 21. Bb2 Rb7 22.
Nc2 Nxc2 23. Qxc2 Bxb5 24. Bxb5 Rxb5 25. axb5 Qxb5 26. Kg1 Ra2 27. Qb1 Nd2 0-1

[Event "European Senior Team Chess Championship "]
[Site "Hotel AIRO Vienna, Kurbadstr. "]
[Date "2015.07.19"]
[Round "8"]
[White "Mednikova, Svetlana"]
[Black "Hammar, Bengt"]
[Result "1/2-1/2"]
[WhiteElo "2190"]
[BlackElo "2167"]
[PlyCount "40"]
[EventDate "2015.07.12"]
[EventType "team"]
[EventRounds "9"]
[EventCountry "AUT"]
[WhiteTeam "Russia Women"]
[BlackTeam "Sweden 1"]

1. e4 c5 2. c3 Nf6 3. e5 Nd5 4. d4 cxd4 5. cxd4 d6 6. Bc4 e6 7. Nf3 Nc6 8. O-O
Be7 9. Qe2 O-O 10. a3 a6 11. Qe4 Na5 12. Ba2 b5 13. Nbd2 Bb7 14. Bb1 g6 15. Qe2
Rc8 16. b4 Nc4 17. Ne4 dxe5 18. dxe5 Qc7 19. Bh6 Rfd8 20. Rc1 a5 1/2-1/2

[Event "European Senior Team Chess Championship "]
[Site "Hotel AIRO Vienna, Kurbadstr. "]
[Date "2015.07.19"]
[Round "8"]
[White "Malmdin, Nils-Ake"]
[Black "Kozlovskaya, Valentina"]
[Result "0-1"]
[WhiteElo "2142"]
[BlackElo "2223"]
[PlyCount "138"]
[EventDate "2015.07.12"]
[EventType "team"]
[EventRounds "9"]
[EventCountry "AUT"]
[WhiteTeam "Sweden 1"]
[BlackTeam "Russia Women"]

1. e4 c5 2. Nf3 a6 3. c3 d5 4. exd5 Qxd5 5. d4 e6 6. Be2 Nf6 7. O-O Nc6 8. Bf4
Be7 9. Ne5 Nxe5 10. Bxe5 cxd4 11. cxd4 O-O 12. Nc3 Qd8 13. Bf3 Nd7 14. Bf4 Qb6
15. Na4 Qb5 16. Rc1 Qf5 17. Bg3 Re8 18. a3 Bf6 19. b4 Bg5 20. Rc3 Qf6 21. Qd3
Bf4 22. Bxf4 Qxf4 23. Rfc1 Rb8 24. g3 Qd6 25. Nc5 Nb6 26. Ne4 Qd8 27. h4 h6 28.
Nd2 Bd7 29. Nc4 Bb5 30. a4 Bxc4 31. Rxc4 Nxc4 32. Rxc4 Qd6 33. Qc3 Red8 34. b5
axb5 35. axb5 Qb6 36. Qb4 Rd6 37. Kg2 Rbd8 38. Qc5 g6 39. Bc6 Qc7 40. Bf3 Qd7
41. Qe5 Qe7 42. d5 Qd7 43. dxe6 Rxe6 44. Qf4 Rd6 45. Rc5 b6 46. Rc6 Qe7 47.
Qxh6 Qe5 48. Qg5 Qxg5 49. hxg5 Rxc6 50. Bxc6 Kf8 51. Kf3 Rd4 52. Ke3 Rg4 53. f4
Rxg3+ 54. Kd4 Ke7 55. Ke5 Re3+ 56. Be4 Rc3 57. Bc6 Rc5+ 58. Ke4 Ke6 59. Be8
Rc4+ 60. Ke3 Rb4 61. Kf3 Rc4 62. Ke3 Rc8 63. Bc6 Rxc6 64. bxc6 Kd6 65. Kd4 Kxc6
66. Ke5 Kd7 67. Kf6 Ke8 68. f5 gxf5 69. Kxf5 Ke7 0-1

[Event "European Senior Team Chess Championship "]
[Site "Hotel AIRO Vienna, Kurbadstr. "]
[Date "2015.07.19"]
[Round "8"]
[White "Fatalibekova, Elena"]
[Black "Svensson, Leif"]
[Result "1-0"]
[WhiteElo "2213"]
[BlackElo "2130"]
[PlyCount "99"]
[EventDate "2015.07.12"]
[EventType "team"]
[EventRounds "9"]
[EventCountry "AUT"]
[WhiteTeam "Russia Women"]
[BlackTeam "Sweden 1"]

1. d4 d5 2. c4 c6 3. Nf3 e6 4. Qc2 dxc4 5. Qxc4 Nf6 6. Nc3 b5 7. Qb3 a6 8. g3
Bb7 9. Bg2 c5 10. dxc5 Nbd7 11. c6 Bxc6 12. O-O Bc5 13. Nh4 Bxg2 14. Nxg2 Qb6
15. a4 b4 16. a5 Qb7 17. Na4 O-O 18. Be3 Ne4 19. Rfd1 Rac8 20. Rac1 Bxe3 21.
Qxe3 Rxc1 22. Rxc1 Nef6 23. Nf4 Qb5 24. Nc5 e5 25. Nfd3 Qxa5 26. Nxe5 Nxe5 27.
Qxe5 h6 28. Nd3 Qxe5 29. Nxe5 Re8 30. f4 a5 31. Rc5 Ra8 32. Nc6 a4 33. Nxb4 a3
34. bxa3 Rxa3 35. Rc8+ Kh7 36. Nd3 Ra2 37. Kf1 Ng4 38. h3 Ne3+ 39. Kf2 Nf5 40.
Rd8 h5 41. g4 hxg4 42. hxg4 Nh4 43. Rd7 f6 44. Kg3 Ng6 45. f5 Ne5 46. Nxe5 fxe5
47. g5 Rxe2 48. f6 Re1 49. Rxg7+ Kh8 50. Re7 1-0

[Event "European Senior Team Chess Championship "]
[Site "Hotel AIRO Vienna, Kurbadstr. "]
[Date "2015.07.20"]
[Round "9"]
[White "Mishuchkov, Nikolai M"]
[Black "Kozlovskaya, Valentina"]
[Result "1/2-1/2"]
[WhiteElo "2320"]
[BlackElo "2223"]
[PlyCount "21"]
[EventDate "2015.07.12"]
[EventType "team"]
[EventRounds "9"]
[EventCountry "AUT"]
[WhiteTeam "Sankt Petersburg"]
[BlackTeam "Russia Women"]

1. d4 d5 2. c4 e6 3. Nc3 Nf6 4. Nf3 c6 5. e3 Bd6 6. Qc2 Nbd7 7. Be2 O-O 8. O-O
dxc4 9. Bxc4 e5 10. Bb3 Qe7 11. h3 1/2-1/2

[Event "European Senior Team Chess Championship "]
[Site "Hotel AIRO Vienna, Kurbadstr. "]
[Date "2015.07.20"]
[Round "9"]
[White "Boehnisch, Manfred"]
[Black "Nevednichy, Boris M"]
[Result "1-0"]
[WhiteElo "2284"]
[BlackElo "2153"]
[PlyCount "128"]
[EventDate "2015.07.12"]
[EventType "team"]
[EventRounds "9"]
[EventCountry "AUT"]
[WhiteTeam "Schachfreunde Leipzig"]
[BlackTeam "Moldova"]

1. c4 e5 2. Nc3 Bb4 3. Qb3 Nc6 4. Nf3 d6 5. a3 Bc5 6. Na4 Nf6 7. d3 h6 8. g3
O-O 9. Bg2 Re8 10. O-O e4 11. dxe4 Nxe4 12. e3 Qf6 13. Nd2 Ng5 14. Nxc5 dxc5
15. f4 Nh3+ 16. Kh1 h5 17. Nf3 Bg4 18. Bd2 b6 19. Rae1 Rad8 20. Qc2 Qd6 21. Bc3
Qd3 22. Qxd3 Rxd3 23. Ng1 Nxg1 24. Bxc6 Re6 25. Bd5 Ne2 26. Bxe6 fxe6 27. Be5
Rd2 28. Rf2 Nxg3+ 29. Kg2 Ne4 30. Rxd2 Nxd2 31. Rc1 h4 32. Rc2 Nf3 33. Bc3 e5
34. h3 Bf5 35. Rc1 Be4 36. Kf2 Kf7 37. Rd1 g5 38. fxe5 g4 39. hxg4 Ng5 40. Rd7+
Kg6 41. Rd8 h3 42. Kg3 Bg2 43. Rg8+ Kh6 44. e4 Nxe4+ 45. Kh2 Kh7 46. Rf8 Ng5
47. Rf6 Nf3+ 48. Kg3 Ng5 49. Rf5 Ne6 50. Kh2 Kg7 51. g5 Nd4 52. e6 Kg6 53. Rf6+
Kxg5 54. Bxd4 cxd4 55. e7 Kxf6 56. e8=Q c5 57. Kg3 Kf5 58. Kf2 Kf4 59. Qe7 Be4
60. Qh4+ Ke5 61. Qxh3 Bc2 62. Qg3+ Kf5 63. Ke2 a5 64. Qd6 Ke4 1-0

[Event "European Senior Team Chess Championship "]
[Site "Hotel AIRO Vienna, Kurbadstr. "]
[Date "2015.07.20"]
[Round "9"]
[White "Romcovici, Victor"]
[Black "Schoeneberg, Manfred"]
[Result "0-1"]
[WhiteElo "2086"]
[BlackElo "2238"]
[PlyCount "80"]
[EventDate "2015.07.12"]
[EventType "team"]
[EventRounds "9"]
[EventCountry "AUT"]
[WhiteTeam "Moldova"]
[BlackTeam "Schachfreunde Leipzig"]

1. d4 e6 2. Nf3 c5 3. e3 Nf6 4. Bd3 d5 5. b3 cxd4 6. exd4 Bb4+ 7. c3 Be7 8. Qe2
b6 9. O-O Bb7 10. Nbd2 Nbd7 11. Bb2 O-O 12. Ne5 Nxe5 13. dxe5 Ne4 14. Rad1 Nxd2
15. Rxd2 g6 16. Qg4 Qc8 17. h4 f5 18. exf6 Bxf6 19. h5 e5 20. Qg3 e4 21. Be2
Qe8 22. Bg4 Rd8 23. Rfd1 Qf7 24. Ba3 Rfe8 25. Bd6 Bxc3 26. Rc2 Rxd6 27. Qxd6
Be5 28. Qd7 Re7 29. Qd8+ Re8 30. Qh4 d4 31. Qh3 d3 32. Rc4 b5 33. hxg6 hxg6 34.
Rc5 Bd4 35. Rf5 gxf5 36. Bh5 Qc7 37. Bxe8 Bxf2+ 38. Kh1 e3 39. Qh5 Qh7 40. Rxd3
e2 0-1

[Event "European Senior Team Chess Championship "]
[Site "Hotel AIRO Vienna, Kurbadstr. "]
[Date "2015.07.20"]
[Round "9"]
[White "Pruefer, Friedbert"]
[Black "Scovitin, Albert"]
[Result "1/2-1/2"]
[WhiteElo "2224"]
[BlackElo "2103"]
[PlyCount "53"]
[EventDate "2015.07.12"]
[EventType "team"]
[EventRounds "9"]
[EventCountry "AUT"]
[WhiteTeam "Schachfreunde Leipzig"]
[BlackTeam "Moldova"]

1. d4 d5 2. c4 e6 3. Nc3 Nf6 4. cxd5 exd5 5. Bg5 Be7 6. e3 O-O 7. Qc2 c6 8. Bd3
Nbd7 9. Nge2 Re8 10. O-O Nf8 11. f3 h6 12. Bh4 c5 13. Kh1 cxd4 14. Nxd4 Be6 15.
Rad1 N6d7 16. Bxe7 Qxe7 17. Rfe1 Rac8 18. Qf2 Nf6 19. Bc2 a6 20. Bb3 N8d7 21.
Nxe6 fxe6 22. e4 dxe4 23. Nxe4 Nxe4 24. Rxe4 Nc5 25. Re3 Nxb3 26. Rxb3 Rc7 27.
Qd4 1/2-1/2

[Event "European Senior Team Chess Championship "]
[Site "Hotel AIRO Vienna, Kurbadstr. "]
[Date "2015.07.20"]
[Round "9"]
[White "Chirpii, Alexandru"]
[Black "Beltz, Robert"]
[Result "1-0"]
[WhiteElo "1878"]
[BlackElo "2160"]
[PlyCount "99"]
[EventDate "2015.07.12"]
[EventType "team"]
[EventRounds "9"]
[EventCountry "AUT"]
[WhiteTeam "Moldova"]
[BlackTeam "Schachfreunde Leipzig"]

1. b4 d5 2. Bb2 Bf5 3. e3 e6 4. Nf3 Nf6 5. b5 a6 6. a4 axb5 7. axb5 Rxa1 8.
Bxa1 Nbd7 9. c4 Qa8 10. Bd4 Bd6 11. cxd5 e5 12. Bc3 Nxd5 13. Be2 Qa2 14. O-O
O-O 15. d3 Ra8 16. Nfd2 Be6 17. Nc4 N5b6 18. Nxd6 cxd6 19. Bf3 d5 20. Be2 Na4
21. d4 Rc8 22. Bb4 e4 23. Qd2 Qxd2 24. Bxd2 Ndb6 25. Rc1 Rxc1+ 26. Bxc1 Bd7 27.
f3 f5 28. h3 h5 29. fxe4 fxe4 30. Na3 Nc3 31. Bxh5 Nxb5 32. Nxb5 Bxb5 33. Kf2
Ba4 34. Ba3 Nc4 35. Bb4 Nb2 36. Be2 Kf7 37. Kg3 Nd3 38. Bxd3 exd3 39. Kf4 Ke6
40. g4 Bd1 41. h4 Kf6 42. Bc3 Kg6 43. e4 dxe4 44. d5 Bxg4 45. Kxg4 e3 46. Kf3
d2 47. Ke2 Kf7 48. h5 g5 49. h6 Kg6 50. d6 1-0

[Event "European Senior Team Chess Championship "]
[Site "Hotel AIRO Vienna, Kurbadstr. "]
[Date "2015.07.20"]
[Round "9"]
[White "Vogt, Lothar"]
[Black "Vasiukov, Evgeni"]
[Result "1/2-1/2"]
[WhiteElo "2418"]
[BlackElo "2401"]
[PlyCount "29"]
[EventDate "2015.07.12"]
[EventType "team"]
[EventRounds "9"]
[EventCountry "AUT"]
[WhiteTeam "Schachclub Eppingen"]
[BlackTeam "Russia 1"]

1. e4 c5 2. Nf3 Nc6 3. Bb5 Na5 4. c3 a6 5. Be2 Nf6 6. e5 Nd5 7. d4 cxd4 8. cxd4
e6 9. Nc3 Nxc3 10. bxc3 Qc7 11. Qd3 d5 12. exd6 Bxd6 13. c4 O-O 14. O-O Bd7 15.
Be3 1/2-1/2

[Event "European Senior Team Chess Championship "]
[Site "Hotel AIRO Vienna, Kurbadstr. "]
[Date "2015.07.20"]
[Round "9"]
[White "Balashov, Yuri S"]
[Black "Dekan, Hans"]
[Result "1-0"]
[WhiteElo "2437"]
[BlackElo "2178"]
[PlyCount "127"]
[EventDate "2015.07.12"]
[EventType "team"]
[EventRounds "9"]
[EventCountry "AUT"]
[WhiteTeam "Russia 1"]
[BlackTeam "Schachclub Eppingen"]

1. d4 d5 2. c4 e6 3. Nc3 Nf6 4. Bg5 Be7 5. e3 O-O 6. Nf3 Nbd7 7. Rc1 c6 8. Bd3
b6 9. O-O h6 10. Bh4 Bb7 11. Qe2 c5 12. Rfd1 Rc8 13. Bg3 cxd4 14. Nxd4 e5 15.
Nf5 e4 16. Bb1 Rxc4 17. Nxd5 Rxc1 18. Ndxe7+ Kh7 19. Rxc1 g6 20. Bc7 Qe8 21.
Nd6 Qxe7 22. Nxb7 Rc8 23. Qd1 Ne8 24. Bg3 Rxc1 25. Qxc1 Ndf6 26. Qc6 Qb4 27.
Qc3 Qe7 28. Be5 Ng4 29. Bd4 Qh4 30. Qc2 Qxh2+ 31. Kf1 Qh1+ 32. Ke2 Qxg2 33.
Qxe4 Qxf2+ 34. Kd1 Qf1+ 35. Kd2 Nef6 36. Bxf6 Nxf6 37. Qd4 Qg2+ 38. Kc1 Ng4 39.
Qf4 Qg1+ 40. Kd2 Qg2+ 41. Kc3 Qc6+ 42. Kd4 Qa4+ 43. Kd5 Qd7+ 44. Nd6 Qe6+ 45.
Kd4 Kg8 46. e4 h5 47. b3 Qd7 48. Bd3 Qc7 49. b4 b5 50. Bxb5 Qb6+ 51. Kc3 f6 52.
Qd2 Qg1 53. Bc4+ Kh7 54. Qd5 Qe3+ 55. Kb2 Ne5 56. Nf7 Nxc4+ 57. Qxc4 h4 58. e5
Qf2+ 59. Ka3 h3 60. Qc7 h2 61. exf6 Qg2 62. Ne5+ Kh6 63. Qg7+ Kh5 64. Qh7+ 1-0